000 00308nam a2200133Ia 4500
005 20260328101522.0
008 260328s9999||||xx |||||||||||||| ||und||
100 _aDIMAD
245 0 _aII Bienal ibero-Americana de DiseƱo /
_cDIMAD
260 _bDIMAD
300 _a228 p.
650 _aBIENALES
942 _cBK
999 _c9644
_d9644